Student study guide to accopany general zoology

Сохранить в:
Библиографические подробности
Главный автор: Jane Aloi
Формат:
Язык:Undetermined
Опубликовано: Boston, Mas. McGraw-Hill 1999
Предметы:
Метки: Добавить метку
Нет меток, Требуется 1-ая метка записи!
Thư viện lưu trữ: Trung tâm Học liệu Trường Đại học Cần Thơ
LEADER 00468nam a2200169Ia 4500
001 CTU_51089
008 210402s9999 xx 000 0 und d
082 |a 590 
082 |b A453 
100 |a Jane Aloi 
245 0 |a Student study guide to accopany general zoology 
245 0 |c Jane Aloi, Gina Erickson 
260 |a Boston, Mas. 
260 |b McGraw-Hill 
260 |c 1999 
650 |a animal physiology 
980 |a Trung tâm Học liệu Trường Đại học Cần Thơ